| 000 | 00447nam a2200169Ia 4500 | ||
|---|---|---|---|
| 008 | 230711s9999||||xx |||||||||||||| ||und|| | ||
| 020 | _a978-81-317-5687-4 | ||
| 041 | _aENG | ||
| 082 |
_a547.0028 _bVO-E |
||
| 100 | _aVogel,Arthur I | ||
| 245 | 0 | _aElementary Practical Organic Chemistry : Qualitative Organic Analysis Part 2 | |
| 250 | _a2nd Ed. | ||
| 260 |
_c2013 _aNew Delhi _bPearson |
||
| 300 | _a431p. | ||
| 650 | _aChemistry | ||
| 942 | _cBK | ||
| 999 |
_c7263 _d7263 |
||